| 000 | 00504nam a2200169 a 4500 | ||
|---|---|---|---|
| 005 | 20210219153432.0 | ||
| 008 | 991125n 000 0 eng u | ||
| 035 | _aUPN01000099275 | ||
| 100 | _aCommittee on Assessment | ||
| 222 | _aCOLLEGE COMPOSITION AND COMMUNICATION | ||
| 245 | _aA selected bibliography on postsecondary writing assessment, 1979-1991 | ||
| 300 | _a244-255 | ||
| 362 | _a1992 43, no. 2 oct. | ||
| 653 | 0 | _aEVALUACION DE LA ESCRITURA | |
| 904 |
_aAC _b037086 |
||
| 905 | _aArticulo | ||
| 999 |
_c76734 _d76734 |
||